000 00545nam a2200193Ia 4500
001 32657
003 IN-NITTTR
005 20251114233435.0
008 251113s9999||||xx |||||||||||||| ||eng||
040 _beng
040 _cIN-NITTTR
041 _aeng
082 _aQA75.5
100 _aShetty, N. R.
245 0 _aEmerging Research in Computing, Information, Communication and Applications :
_b ERCICA 2015, Volume 3 /
_cShetty, N. R., Prasad, N. H., Nalini, N.
700 _a Nalini, N.
700 _a Prasad, N. H.
942 _2ddc
_cBK
999 _c35493
_d35493